000 00481nam a2200181Ia 4500
005 20250326125846.0
008 250326s9999 xx 000 0 und d
037 _aTextbook
040 _aFMSL
_beng
_cFMSL
041 _aeng
_2eng
084 _aX:8 N4
_qFMSL
100 _aBosticco M
_9737505
245 0 _aModern personnel management
_cBosticco M
260 _aLondon
_bLondon, Busniuss
_c1964
300 _a244p
942 _cTB
_hX:8 N4
999 _c1279898
_d1279898